export_success — 

Prozessgrundsätze und Stilus Curiae am Reichshofrat: im Vergleich mit d. gesetzl. Grundlagen d. reichskammergerichtl. Verfahrens/

Saved in:
Bibliographic Details
Main Author: Sellert, Wolfgang.
Format: Book
Language:German
Published: Aalen: Scientia-Verlag, 1973.
Series:Untersuchungen zur deutschen Staats- und Rechtsgeschichte ; n.F., Bd. 18.
Subjects:
Tags: Add Tag
No Tags, Be the first to tag this record!
LEADER 01013nam a2200265I 4500
001 005244641-7
005 20090712201953.0
008 740206s1973 gw 000 0 ger u
010 |a  73352056  
035 0 |a ocm00791726 
040 |c COO  |d HVL 
090 |a JN3250.J8  |b S461 
100 1 |a Sellert, Wolfgang. 
245 1 0 |a Prozessgrundsätze und Stilus Curiae am Reichshofrat:  |b im Vergleich mit d. gesetzl. Grundlagen d. reichskammergerichtl. Verfahrens/  |c Wolfgang Sellert. -- 
260 |a Aalen:  |b Scientia-Verlag,  |c 1973. 
300 |a 483 p.;  |c 25cm. -- 
490 1 |a Untersuchungen zur deutschen Staats- und Rechtsgeschichte ;  |v n.F., Bd. 18 
500 |a Habilitationsschrift--Frankfurt am Main. 
504 |a Bibliography: p. 9-35. 
610 1 0 |a Holy Roman Empire.  |b Reichshofrat. 
610 1 0 |a Holy Roman Empire.  |b Reichskammergericht. 
650 0 |a Procedure (Law)  |z Holy Roman Empire. 
830 0 |a Untersuchungen zur deutschen Staats- und Rechtsgeschichte ;  |v n.F., Bd. 18. 
988 |a 20020608 
906 |0 MH